| 000 | 01408nac a22003975a 4500 | ||
|---|---|---|---|
| 003 | EG-ScBUE | ||
| 005 | 20211017140640.0 | ||
| 006 | m||||f ||z|f00| 0 | ||
| 008 | 080817t2007 enka f 000 0 eng d | ||
| 020 | _a9780194309653 | ||
| 020 | _a0194309657 | ||
| 040 |
_aEG-ScBUE _beng _erda _cEG-ScBUE _dEG-ScBUE |
||
| 082 | 0 | 4 |
_a371.396 _bSAR _222 |
| 100 | 1 |
_aSarosy, Peg, _eauthor. _913997 |
|
| 245 | 1 | 0 |
_aLecture ready 1 : _bstrategies for academic listening, note-taking, and discussion / _cPeg Sarosy, American Language Institute, San Francisco State University, Kathy Sherak, American Language Institute, San Francisco State University. |
| 264 | 1 |
_aNew York ; _aLondon : _bOxford University Press, _c[2007] |
|
| 264 | 4 | _cc2007 | |
| 300 |
_aviii, 120 pages ; _c32 cm |
||
| 336 |
_2rdacontent _atext _btxt |
||
| 337 |
_2rdamedia _aunmediated _bn |
||
| 338 |
_2rdacarrier _avolume _bnc |
||
| 590 | _aMohamed Hussein | ||
| 650 | 7 |
_aLecture method in teaching. _98352 _2BUEsh |
|
| 650 | 7 |
_aLectures and lecturing. _919900 _2BUEsh |
|
| 650 | 7 |
_aNote-taking. _91009 _2BUEsh |
|
| 650 | 7 |
_aStudy skills. _914009 _2BUEsh |
|
| 651 | _2BUEsh | ||
| 653 |
_bGGEN _cAugust2015 |
||
| 655 |
_vReading book _934232 |
||
| 700 | 1 |
_914001 _aSherak, Kathy, _eauthor. |
|
| 740 | _aLecture Ready 1 | ||
| 740 | _aLecture Ready 2 | ||
| 740 | _aLecture Ready 3 | ||
| 942 |
_cBB _k371.30281LEC _2ddc |
||
| 999 |
_c14721 _d14721 |
||